[Event "5th Asia-ch"]
[Site "Hyderabad IND"]
[Date "2005.10.06"]
[Round "1"]
[White "Grigorian, Karen"]
[Black "Sadvakasov, Darmen"]
[Result "0-1"]
[WhiteElo "2421"]
[BlackElo "2612"]
[EventDate "2005.10.05"]
[PlyCount "56"]

1.d4 Nf6 2.c4 e6 3.Nc3 Bb4 4.e3 c5 5.Bd3 Nc6 6.Ne2 d5 7.cxd5 Nxd5 8.a3 
cxd4 9.exd4 Bd6 10.O-O O-O 11.Ne4 Be7 12.Bc2 Qb6 13.Qd3 Rd8 14.Rd1 g6 15.
Qf3 f5 16.N4c3 Bf6 17.Nxd5 Rxd5 18.Bb3 Rxd4 19.Bf4 Rxd1+ 20.Rxd1 Kg7 21.
Qh3 h5 22.Bg3 Qb5 23.Rd2 e5 24.f4 Qxb3 25.fxe5 f4 26.exf6+ Kg8 27.f7+ Kxf7
28.Rd7+ Ke8 0-1

[Event "5th Asia-ch"]
[Site "Hyderabad IND"]
[Date "2005.10.06"]
[Round "1"]
[White "Ghaem Maghami, Ehsan"]
[Black "Satyapragyan, Swayangsu"]
[Result "1-0"]
[WhiteElo "2586"]
[BlackElo "2411"]
[EventDate "2005.10.05"]
[PlyCount "117"]

1.Nf3 c5 2.c4 b6 3.Nc3 Bb7 4.e3 Nf6 5.d4 e6 6.d5 exd5 7.cxd5 d6 8.e4 g6 9.
Bb5+ Nfd7 10.e5 dxe5 11.Nxe5 a6 12.Qe2 Qe7 13.Bg5 Qxg5 14.Nc6+ Be7 15.h4 
Qf6 16.Ne4 Qf4 17.g3 axb5 18.gxf4 Nxc6 19.dxc6 Bxc6 20.h5 O-O 21.hxg6 fxg6
22.O-O-O Rxf4 23.f3 Ne5 24.Qh2 Rxe4 25.Qxh7+ Kf8 26.Qh8+ Kf7 27.Rh7+ Ke6 
28.Rxe7+ Kxe7 29.Qg7+ Ke6 30.fxe4 Bxe4 31.Qc7 Rxa2 32.Qxb6+ Kf5 33.Qxc5 
Ra1+ 34.Kd2 Rxd1+ 35.Kxd1 Bd3 36.Kd2 Ke4 37.Qe3+ Kd5 38.b3 Bf5 39.Qe2 Nd3 
40.Qe8 b4 41.Ke3 Kc5 42.Qe7+ Kd5 43.Qd8+ Ke5 44.Qe7+ Kd5 45.Qd8+ Ke5 46.
Qa5+ Kf6 47.Kd4 Kg5 48.Ke3 Kf6 49.Qa1+ Kg5 50.Qg1+ Kf6 51.Qh2 Kg5 52.Qg3+ 
Kf6 53.Kd4 Ke6 54.Qh4 Kf7 55.Kd5 Be6+ 56.Kd6 Bf5 57.Qe7+ Kg8 58.Kd5 Kh8 
59.Qf7 1-0

[Event "5th Asia-ch"]
[Site "Hyderabad IND"]
[Date "2005.10.06"]
[Round "1"]
[White "Gupta, Abhijeet"]
[Black "Djao Thien Hai"]
[Result "0-1"]
[WhiteElo "2404"]
[BlackElo "2581"]
[EventDate "2005.10.05"]
[PlyCount "74"]

1.d4 f5 2.c4 Nf6 3.Nf3 g6 4.g3 Bg7 5.Bg2 O-O 6.O-O d6 7.Nc3 Qe8 8.Nd5 Nxd5
9.cxd5 Qb5 10.a4 Qb6 11.Qc2 a5 12.e4 Na6 13.e5 Kh8 14.Re1 Nb4 15.Qb3 Bd7 
16.Bd2 h6 17.exd6 exd6 18.Re2 Be8 19.Rc1 Rc8 20.Bxb4 axb4 21.Rc4 Bf6 22.
Rxb4 Qa5 23.Re1 b6 24.Rc1 Bf7 25.Nd2 c5 26.Rxb6 Qxd2 27.Rd1 Qa5 28.dxc5 
Qxc5 29.Rb5 Qa7 30.Rb7 Rb8 31.Rxa7 Rxb3 32.a5 Rxb2 33.a6 Kg7 34.Bf1 Bd8 
35.Rb7 Bb6 36.Kh1 Ra8 37.Rc1 Kf6 0-1

[Event "5th Asia-ch"]
[Site "Hyderabad IND"]
[Date "2005.10.06"]
[Round "1"]
[White "Rahman, Ziaur"]
[Black "Laxman, Rajaram"]
[Result "1/2-1/2"]
[WhiteElo "2570"]
[BlackElo "2404"]
[EventDate "2005.10.05"]
[PlyCount "99"]

1.Nf3 Nf6 2.c4 e6 3.g3 d5 4.d4 Bb4+ 5.Bd2 Be7 6.Bg2 Nc6 7.O-O O-O 8.Qc2 
Ne4 9.Rd1 a5 10.Be1 Nb4 11.Qc1 c6 12.Nc3 f5 13.a3 Na6 14.e3 Bd6 15.Ne2 a4 
16.Nf4 Bd7 17.Qc2 b5 18.c5 Bc7 19.Nd3 Be8 20.Nfe5 Nb8 21.f3 Ng5 22.Bc3 Nf7
23.Re1 Nxe5 24.dxe5 Ba5 25.Nb4 Na6 26.Nd3 Bxc3 27.Qxc3 g5 28.Nb4 Nxb4 29.
axb4 f4 30.Rad1 Bh5 31.g4 Bxg4 32.fxg4 f3 33.Bxf3 Rxf3 34.Rf1 Rxf1+ 35.
Rxf1 Qe7 36.Rf6 Rf8 37.e4 dxe4 38.Qd4 Kg7 39.Rxf8 Qxf8 40.Qxe4 Qd8 41.Qxc6
Qd4+ 42.Kf1 Qd1+ 43.Kf2 Qd4+ 44.Kf3 Qf4+ 45.Ke2 Qxh2+ 46.Kd1 Qg1+ 47.Kc2 
Qf2+ 48.Kb1 Qf1+ 49.Ka2 Qc4+ 50.Ka1 1/2-1/2

[Event "5th Asia-ch"]
[Site "Hyderabad IND"]
[Date "2005.10.06"]
[Round "1"]
[White "Rohit, Goginenni"]
[Black "Al-Modiahki, Mohamad"]
[Result "0-1"]
[WhiteElo "2401"]
[BlackElo "2568"]
[EventDate "2005.10.05"]
[PlyCount "80"]

1.e4 c5 2.Nf3 d6 3.d4 cxd4 4.Nxd4 Nf6 5.Nc3 a6 6.Be3 e6 7.Be2 Be7 8.f4 
Nbd7 9.Bf3 Qc7 10.Qe2 Nb6 11.O-O O-O 12.Kh1 Nc4 13.Bc1 Re8 14.Qf2 e5 15.
Nf5 Bxf5 16.exf5 exf4 17.Bxf4 Nxb2 18.Nd5 Nxd5 19.Bxd5 Bf6 20.Rab1 Rab8 
21.Qg3 Nc4 22.Rbe1 b5 23.Bg5 Bxg5 24.Qxg5 h6 25.Qg3 Rxe1 26.Qxe1 Ne5 27.f6
Qxc2 28.fxg7 Qg6 29.h3 Rc8 30.Qe3 Kxg7 31.Qd4 Rc7 32.Be4 Qe6 33.Bd5 Qg6 
34.Be4 Qg5 35.Qxd6 Rc1 36.Rd1 Qf4 37.Bb7 Ng4 38.hxg4 Qxd6 39.Rxc1 Qd2 40.
Rc6 a5 0-1

[Event "5th Asia-ch"]
[Site "Hyderabad IND"]
[Date "2005.10.06"]
[Round "1"]
[White "Ganguly, Surya Shekhar"]
[Black "Sengupta, Deep"]
[Result "1/2-1/2"]
[WhiteElo "2562"]
[BlackElo "2400"]
[EventDate "2005.10.05"]
[PlyCount "245"]

1.e4 e6 2.d4 d5 3.Nc3 Bb4 4.e5 Ne7 5.Nf3 b6 6.Bd3 Ba6 7.Bxa6 Nxa6 8.O-O 
Bxc3 9.bxc3 Qd7 10.a4 Nb8 11.Ng5 h6 12.Qh5 g6 13.Qh3 Nbc6 14.Nf3 Na5 15.
Bg5 Ng8 16.Nd2 Rh7 17.Bh4 f5 18.exf6 g5 19.Bg3 O-O-O 20.Rae1 Re8 21.Be5 
Rf8 22.f4 g4 23.Qxg4 Nxf6 24.Qg6 Ng8 25.Qd3 Kb7 26.Rb1 Ka8 27.c4 Rhf7 28.
c5 Ne7 29.c4 Nec6 30.cxb6 cxb6 31.cxd5 Qxd5 32.Rb5 Nxe5 33.fxe5 Rxf1+ 34.
Nxf1 Qa2 35.Rb1 Qxa4 36.Nd2 Rd8 37.Nf3 Qc4 38.Qe3 Nc6 39.Rd1 a5 40.h4 Kb7 
41.Kh1 a4 42.h5 Ra8 43.Qxh6 a3 44.Qg7+ Ka6 45.h6 a2 46.h7 Qc2 47.Rg1 Qb2 
48.h8=Q Rxh8+ 49.Qxh8 a1=Q 50.Rxa1+ Qxa1+ 51.Kh2 Qc1 52.Qc8+ Ka5 53.Qxe6 
Qf4+ 54.Kh3 Nxd4 55.Qd5+ Nb5 56.e6 Qh6+ 57.Kg4 Qg7+ 58.Ng5 Qe7 59.Ne4 Qg7+
60.Ng5 Qe7 61.Qd7 Qb4+ 62.Kh5 Qf4 63.e7 Nd6 64.Qxd6 Qxd6 65.e8=Q Qh2+ 66.
Kg6 Qxg2 67.Kf6 b5 68.Ne4 Qb2+ 69.Kf5 Qc2 70.Qe5 Ka4 71.Kf6 Ka3 72.Ke7 Qb2
73.Qd5 Qe2 74.Kd6 Qc4 75.Qe5 Qd3+ 76.Kc6 Qc4+ 77.Kb6 Ka2 78.Nc3+ Kb2 79.
Nxb5+ Kc1 80.Qe1+ Kb2 81.Qd2+ Qc2 82.Qd4+ Kc1 83.Nc3 Qb2+ 84.Kc5 Qa3+ 85.
Kd5 Qa8+ 86.Kc4 Qa6+ 87.Kb4 Qb7+ 88.Nb5 Qe7+ 89.Nd6 Qe1+ 90.Kc5 Qe7 91.Kd5
Qg5+ 92.Kc4 Qg8+ 93.Kb4 Qb8+ 94.Nb5 Qf8+ 95.Kb3 Qf3+ 96.Kb4 Qf8+ 97.Nd6 
Qb8+ 98.Kc4 Qc7+ 99.Kd3 Qc2+ 100.Ke3 Qb3+ 101.Kf4 Qb8 102.Qc5+ Kd1 103.Ke5
Qb2+ 104.Ke6 Qe2+ 105.Kd7 Qd3 106.Qe5 Kd2 107.Ke7 Qh7+ 108.Nf7 Qd3 109.Ng5
Qa3+ 110.Ke6 Qa6+ 111.Kf5 Qf1+ 112.Kg4 Qg2+ 113.Kf5 Qf1+ 114.Kg6 Qa6+ 115.
Kh7 Qb7+ 116.Kh6 Qa6+ 117.Ne6 Qd3 118.Qa5+ Kd1 119.Nf4 Qe3 120.Kg5 Qe7+ 
121.Kg4 Qg7+ 122.Kf3 Qc3+ 123.Qxc3 1/2-1/2

[Event "5th Asia-ch"]
[Site "Hyderabad IND"]
[Date "2005.10.06"]
[Round "1"]
[White "Poobesh Anand, Selvaraj"]
[Black "Sandipan, Chanda"]
[Result "0-1"]
[WhiteElo "2397"]
[BlackElo "2560"]
[EventDate "2005.10.05"]
[PlyCount "130"]

1.d4 Nf6 2.c4 e6 3.Nc3 Bb4 4.e3 O-O 5.Ne2 d5 6.a3 Bd6 7.cxd5 exd5 8.g3 Be6
9.Bg2 Qd7 10.O-O Bh3 11.Bxh3 Qxh3 12.f3 h5 13.Rf2 Qe6 14.Nf4 Bxf4 15.gxf4 
Nc6 16.Bd2 Ne7 17.Qf1 Nf5 18.Re1 Rad8 19.Kh1 Rfe8 20.Rg2 Re7 21.Qg1 Kh8 
22.Nd1 Qa6 23.Rg5 g6 24.Nf2 Rde8 25.Rxf5 gxf5 26.Qg5 Qe6 27.Bb4 Rg8 28.
Qh6+ Nh7 29.Qxh5 Ree8 30.Bd2 Rg6 31.Qh3 Rh6 32.Qf1 Rg8 33.Nd3 Nf6 34.Re2 
Rhg6 35.Qh3+ Nh5 36.Rg2 R8g7 37.Qxh5+ Rh6 38.Qg5 Rxg5 39.fxg5 Rh7 40.Nf4 
Qa6 41.Kg1 Qa4 42.Kf2 Qc2 43.Kg3 Qxb2 44.Bb4 Qc1 45.Nxd5 c6 46.Nf4 Qxe3 
47.Bd2 Qxa3 48.h4 Qd6 49.Re2 Rg7 50.Bc3 Kh7 51.d5 cxd5 52.Be5 Qc5 53.Nh5 
f6 54.Bxf6 Qg1+ 55.Kf4 Rc7 56.Kxf5 Qb1+ 57.Kg4 Rc4+ 58.Nf4 Qg1+ 59.Kf5 
Qb1+ 60.Kg4 Qg1+ 61.Kf5 Rxf4+ 62.Kxf4 d4 63.h5 Qc1+ 64.Kg4 Qc8+ 65.Kh4 Qf5
0-1

[Event "5th Asia-ch"]
[Site "Hyderabad IND"]
[Date "2005.10.06"]
[Round "1"]
[White "Kunte, Abhijit"]
[Black "Roy Chowdhury, Saptarshi"]
[Result "1-0"]
[WhiteElo "2553"]
[BlackElo "2397"]
[EventDate "2005.10.05"]
[PlyCount "109"]

1.d4 d5 2.c4 e6 3.Nc3 Nf6 4.Bg5 Be7 5.e3 O-O 6.Nf3 h6 7.Bh4 Ne4 8.Bxe7 
Qxe7 9.Rc1 c6 10.Qb3 Nd7 11.Bd3 Nxc3 12.Rxc3 dxc4 13.Bxc4 b6 14.Qa3 Qxa3 
15.Rxa3 Bb7 16.Ke2 Rfc8 17.Rc1 Kf8 18.b4 Ke7 19.Ba6 Bxa6+ 20.Rxa6 Kd6 21.
Nd2 e5 22.dxe5+ Nxe5 23.Ra3 Rc7 24.f4 Nd7 25.Rd1 Ke7 26.Nc4 b5 27.Nd6 g6 
28.e4 Rb8 29.Rc3 c5 30.Rd5 a5 31.bxc5 b4 32.Rc1 Rxc5 33.Rdxc5 Nxc5 34.Rxc5
Kxd6 35.Rxa5 b3 36.axb3 Rxb3 37.f5 g5 38.e5+ Ke7 39.h3 h5 40.Ra7+ Ke8 41.
Ra8+ Ke7 42.Rg8 Rb2+ 43.Kf3 Rb3+ 44.Ke4 Rb4+ 45.Kd5 Rb5+ 46.Kd4 f6 47.Rg7+
Kf8 48.exf6 Rxf5 49.Ke4 Rxf6 50.Rxg5 Rh6 51.g3 Ke7 52.Kf4 Kf7 53.Ra5 Rb6 
54.Rxh5 Rb4+ 55.Kg5 1-0

[Event "5th Asia-ch"]
[Site "Hyderabad IND"]
[Date "2005.10.06"]
[Round "1"]
[White "Himanshu, Sharma"]
[Black "Koneru, Humpy"]
[Result "1-0"]
[WhiteElo "2391"]
[BlackElo "2540"]
[EventDate "2005.10.05"]
[PlyCount "150"]

1.e4 c5 2.Nc3 a6 3.g3 b5 4.Bg2 Bb7 5.d3 e6 6.f4 d5 7.e5 Nc6 8.Nf3 Nge7 9.
O-O h5 10.a4 b4 11.Ne2 Nf5 12.Qe1 Qc7 13.Bd2 a5 14.c3 Ba6 15.Nc1 Rb8 16.h3
Be7 17.g4 hxg4 18.hxg4 Nh4 19.Nxh4 Bxh4 20.Qe2 bxc3 21.bxc3 g5 22.Qe3 d4 
23.cxd4 Nxd4 24.Ra2 Bb7 25.Bc3 Bxg2 26.Rxg2 gxf4 27.Qxf4 f6 28.Rh2 Kd7 29.
Bxd4 Bg5 30.Rxh8 Rxh8 31.Qf2 cxd4 32.Qxd4+ Ke7 33.Ne2 fxe5 34.Qe4 Qc5+ 35.
Kg2 Qd5 36.Nc3 Qxe4+ 37.Nxe4 Bf4 38.Rh1 Rg8 39.Rh7+ Kd8 40.Kf3 Rf8 41.Nc5 
Bc1+ 42.Kg3 Rf1 43.Nxe6+ Ke8 44.Nc7+ Kf8 45.Ne6+ Ke8 46.Nc7+ Kf8 47.Kg2 
Rd1 48.Rd7 Rd2+ 49.Kf3 Ra2 50.Ne6+ Ke8 51.Rc7 Bb2 52.Rc2 e4+ 53.dxe4 Ke7 
54.Nc5 Ra3+ 55.Kf4 Bd4 56.g5 Be3+ 57.Kf5 Ra1 58.Nb7 Rf1+ 59.Ke5 Bf4+ 60.
Kd5 Rd1+ 61.Kc6 Rd4 62.Nc5 Bxg5 63.Rh2 Be3 64.Rh3 Bg1 65.Rh7+ Kf6 66.Rh1 
Be3 67.Rh3 Bc1 68.Rf3+ Ke7 69.e5 Bf4 70.e6 Rd6+ 71.Kb5 Rd4 72.Rh3 Bd6 73.
Rh7+ Kf6 74.Rf7+ Ke5 75.Rf3 Bxc5 1-0

[Event "5th Asia-ch"]
[Site "Hyderabad IND"]
[Date "2005.10.06"]
[Round "1"]
[White "Megaranto, Susanto"]
[Black "Konguvel, Ponnuswamy"]
[Result "1-0"]
[WhiteElo "2530"]
[BlackElo "2390"]
[EventDate "2005.10.05"]
[PlyCount "49"]

1.e4 c5 2.Nf3 d6 3.d4 cxd4 4.Nxd4 Nf6 5.Nc3 a6 6.Bc4 e6 7.Bb3 Nbd7 8.f4 
Nc5 9.O-O Nfxe4 10.Nxe4 Nxe4 11.f5 e5 12.Qh5 d5 13.Re1 Bc5 14.Rxe4 O-O 15.
Rg4 Bxd4+ 16.Kh1 e4 17.Bh6 Kh8 18.Rd1 Bxb2 19.Rxd5 Qb6 20.Bf4 Bf6 21.Bd6 
Qf2 22.h3 g6 23.Rxg6 Rg8 24.Rxg8+ Kxg8 25.Rd1 1-0

[Event "5th Asia-ch"]
[Site "Hyderabad IND"]
[Date "2005.10.06"]
[Round "1"]
[White "Sharbaf, Mohsen"]
[Black "Wu Wenjin"]
[Result "0-1"]
[WhiteElo "2387"]
[BlackElo "2523"]
[EventDate "2005.10.05"]
[PlyCount "80"]

1.e4 e5 2.Nf3 Nc6 3.Nc3 Bb4 4.Nd5 Ba5 5.c3 d6 6.b4 Bb6 7.a4 a6 8.Nxb6 cxb6
9.d4 Bg4 10.d5 Nce7 11.h3 Bh5 12.g4 Bg6 13.Bd3 h5 14.g5 Nxd5 15.exd5 e4 
16.Bc2 exf3 17.Bxg6 fxg6 18.Qd4 Ne7 19.Qxg7 Kd7 20.Be3 Qg8 21.Qd4 Qxd5 22.
O-O-O Qxd4 23.Rxd4 b5 24.axb5 axb5 25.Kb2 Ra6 26.Ra1 Rf8 27.Rxa6 bxa6 28.
Rd1 Nf5 29.Bf4 Re8 30.Kc2 Re2+ 31.Rd2 Re4 32.Bg3 Re1 33.Kd3 Nxg3 34.fxg3 
Rg1 35.Ra2 Rxg3 36.Rxa6 Rxg5 37.Ke3 Rf5 38.Kf2 g5 39.Ra1 Ke6 40.Rd1 g4 0-1

[Event "5th Asia-ch"]
[Site "Hyderabad IND"]
[Date "2005.10.06"]
[Round "1"]
[White "Li Shilong"]
[Black "Singh, D. P."]
[Result "1-0"]
[WhiteElo "2510"]
[BlackElo "2368"]
[EventDate "2005.10.05"]
[PlyCount "65"]

1.d4 Nf6 2.Nf3 d5 3.c4 e6 4.Nc3 Be7 5.Bg5 O-O 6.e3 h6 7.Bh4 c6 8.Bd3 dxc4 
9.Bxc4 b6 10.Qe2 Bb7 11.O-O Nbd7 12.Rfd1 Re8 13.e4 Nf8 14.Bg3 Qc8 15.Rac1 
Nh5 16.Ne5 Nxg3 17.hxg3 Bd6 18.Ng4 e5 19.Nxe5 Bxe5 20.dxe5 Rxe5 21.f4 Re7 
22.e5 Qc7 23.Ne4 Rd8 24.Nd6 g6 25.f5 Bc8 26.f6 Red7 27.Kh2 Nh7 28.Nxf7 
Rxf7 29.e6 Nxf6 30.exf7+ Kg7 31.Rxd8 Qxd8 32.Rd1 Qc7 33.Qe8 1-0

[Event "5th Asia-ch"]
[Site "Hyderabad IND"]
[Date "2005.10.06"]
[Round "1"]
[White "Prathamesh, Sunil Mokal"]
[Black "Neelotpal, Das"]
[Result "0-1"]
[WhiteElo "2362"]
[BlackElo "2509"]
[EventDate "2005.10.05"]
[PlyCount "144"]

1.e4 c5 2.Nf3 d6 3.d4 cxd4 4.Nxd4 Nf6 5.Nc3 Nc6 6.Be2 g6 7.O-O Bg7 8.Nb3 
O-O 9.Bg5 Be6 10.Re1 Rc8 11.Bf1 Ne5 12.Nd5 Qd7 13.Nxf6+ exf6 14.Be3 b5 15.
Nd4 Bc4 16.Bxc4 Nxc4 17.Bc1 Rfd8 18.b3 Nb6 19.Be3 d5 20.Qe2 b4 21.Nb5 dxe4
22.a3 bxa3 23.Rxa3 Ra8 24.Bxb6 axb6 25.Rxa8 Rxa8 26.Qxe4 Rd8 27.Qe2 f5 28.
h3 Bf8 29.c3 Qd5 30.c4 Qd3 31.Qxd3 Rxd3 32.Rb1 Bb4 33.Rb2 Rd1+ 34.Kh2 Kg7 
35.g3 Rd7 36.Kg2 g5 37.Re2 Kg6 38.Re3 Bc5 39.Re2 f4 40.gxf4 gxf4 41.Rb2 
Bb4 42.f3 Rd3 43.Nc7 Ba3 44.Rb1 Rd2+ 45.Kh1 Rf2 46.b4 Rxf3 47.Kg2 Rg3+ 48.
Kh2 Re3 49.c5 bxc5 50.b5 c4 51.b6 Bd6 52.Rd1 Rd3 53.Rg1+ Kh6 54.Nb5 Be5 
55.Re1 Re3 56.Rxe3 fxe3+ 57.Kg2 c3 58.Na3 Kg5 59.Kf3 Kh4 60.b7 f5 61.Nc4 
Bb8 62.Nxe3 Kxh3 63.Ke2 f4 64.Nd5 f3+ 65.Kd3 f2 66.Ne3 Kg3 67.Kxc3 h5 68.
Kd3 Kf3 69.Nf1 h4 70.Nd2+ Kg2 71.Ke2 h3 72.Nf1 h2 0-1

[Event "5th Asia-ch"]
[Site "Hyderabad IND"]
[Date "2005.10.06"]
[Round "1"]
[White "Lim Yee Weng"]
[Black "Zhao Jun"]
[Result "0-1"]
[WhiteElo "2348"]
[BlackElo "2500"]
[EventDate "2005.10.05"]
[PlyCount "96"]

1.e4 c5 2.c3 d5 3.exd5 Qxd5 4.d4 Nf6 5.Nf3 Bg4 6.dxc5 Qxc5 7.Be3 Qc7 8.Na3
a6 9.Qa4+ Bd7 10.Nb5 Qc8 11.Bf4 Bxb5 12.Bxb5+ Nbd7 13.Be2 e6 14.O-O Nd5 
15.Bg3 b5 16.Qc2 Be7 17.Ne5 N7b6 18.Rac1 Bg5 19.Rce1 O-O 20.Bd3 g6 21.h4 
Bh6 22.h5 Ra7 23.Ng4 Bg7 24.hxg6 hxg6 25.Ne5 Nd7 26.Nf3 Nc5 27.Be5 Qd8 28.
Be4 Nf6 29.Rd1 Qc8 30.Ng5 Nfxe4 31.Bxg7 Nxg5 32.Bxf8 Qxf8 33.Qd2 Qe7 34.
Qe3 Rc7 35.Rd4 Nh7 36.Rfd1 Nf8 37.Rd8 e5 38.Ra8 Rc6 39.Rdd8 Ne6 40.Re8 Qd6
41.Qh6 Qd1+ 42.Kh2 Qh5+ 43.Qxh5 gxh5 44.Ra7 Rd6 45.Ree7 f5 46.Rf7 f4 47.
Rf5 Nd7 48.Rf6 Nxf6 0-1

[Event "5th Asia-ch"]
[Site "Hyderabad IND"]
[Date "2005.10.06"]
[Round "1"]
[White "Kidambi, Sundararajan"]
[Black "Saravanan, Venkat"]
[Result "1-0"]
[WhiteElo "2497"]
[BlackElo "2347"]
[EventDate "2005.10.05"]
[PlyCount "137"]

1.d4 d5 2.c4 e6 3.Nc3 Be7 4.Nf3 Nf6 5.Bg5 h6 6.Bh4 O-O 7.e3 b6 8.Bd3 Bb7 
9.O-O Nbd7 10.Bg3 c5 11.Qe2 cxd4 12.exd4 dxc4 13.Bxc4 Nd5 14.Nxd5 Bxd5 15.
Bxd5 exd5 16.Rac1 Re8 17.Qa6 Bf6 18.Rc7 Nf8 19.Rxa7 Rxa7 20.Qxa7 Ne6 21.
Be5 Ng5 22.Nxg5 hxg5 23.Bc7 Re7 24.Bxd8 Rxa7 25.Bxb6 Rb7 26.Bc5 Rxb2 27.
Ra1 g4 28.a4 Bd8 29.h3 g3 30.fxg3 Ba5 31.g4 Kh7 32.Rf1 Kg6 33.Rf5 Ra2 34.
Rxd5 Rxa4 35.Kf2 Ra2+ 36.Kf3 Be1 37.Rf5 Rf2+ 38.Ke4 Rxg2 39.d5 Re2+ 40.Kd3
Rd2+ 41.Kc4 Rc2+ 42.Kb5 Rc3 43.Rh5 f5 44.Rxf5 Rxh3 45.d6 Rd3 46.Kc6 Bh4 
47.d7 Bd8 48.Rf8 Bg5 49.Bb6 Rc3+ 50.Kd5 Rg3 51.Rf4 Bxf4 52.d8=Q Rxg4 53.
Ke6 Bg5 54.Qd3+ Kh6 55.Bd4 Rf4 56.Be5 Rf8 57.Qd7 Bf6 58.Qd2+ Kh7 59.Bd6 
Rd8 60.Qg2 Kg8 61.Qd5 Kh7 62.Qh5+ Kg8 63.Qf7+ Kh7 64.Bc7 Rd2 65.Qh5+ Kg8 
66.Qe8+ Kh7 67.Kf7 Rd4 68.Qe6 Rb4 69.Qf5+ 1-0

[Event "5th Asia-ch"]
[Site "Hyderabad IND"]
[Date "2005.10.06"]
[Round "1"]
[White "Xie, George Wendi"]
[Black "Ramesh, Ramachandran"]
[Result "0-1"]
[WhiteElo "2340"]
[BlackElo "2487"]
[EventDate "2005.10.05"]
[PlyCount "86"]

1.e4 c5 2.Nc3 e6 3.Nf3 a6 4.g3 b5 5.Bg2 Bb7 6.d3 d6 7.O-O Nd7 8.Re1 Ngf6 
9.b3 Be7 10.Bb2 e5 11.a4 Bc6 12.Nd5 Nxd5 13.exd5 Bb7 14.Nd2 O-O 15.c4 b4 
16.Qe2 Re8 17.Rf1 f5 18.Rae1 Bf6 19.Qd1 g6 20.Qa1 Qe7 21.f4 Qg7 22.g4 exf4
23.Bxf6 Nxf6 24.gxf5 gxf5 25.Rxf4 Rxe1+ 26.Qxe1 Re8 27.Qh4 Bc8 28.Nf1 Ng4 
29.h3 Ne5 30.Ng3 Ng6 31.Qh5 Re1+ 32.Rf1 Qd4+ 33.Kh2 Rxf1 34.Bxf1 Qf4 35.
Qe2 Bd7 36.a5 Kf7 37.Bg2 Ne5 38.Qh5+ Kg7 39.Qe2 h6 40.Qe1 Be8 41.Kh1 Bg6 
42.d4 Qxd4 43.Qb1 Qf4 0-1

[Event "5th Asia-ch"]
[Site "Hyderabad IND"]
[Date "2005.10.06"]
[Round "1"]
[White "Bakre, Tejas"]
[Black "Atanu Lahiri"]
[Result "1-0"]
[WhiteElo "2484"]
[BlackElo "2334"]
[EventDate "2005.10.05"]
[PlyCount "57"]

1.d4 Nf6 2.Nf3 g6 3.Nbd2 d5 4.e3 Bg7 5.b4 O-O 6.c4 a5 7.b5 c5 8.dxc5 Ne4 
9.Nxe4 dxe4 10.Qxd8 Rxd8 11.Nd4 e5 12.Ne2 Nd7 13.Ba3 Bf8 14.Rd1 b6 15.Nc3 
Bb7 16.Na4 Nxc5 17.Nxb6 Nd3+ 18.Bxd3 Bxa3 19.Bc2 Rxd1+ 20.Kxd1 Rf8 21.Ke2 
f5 22.Bb3 Kg7 23.Rd1 Bc8 24.Nxc8 Rxc8 25.Rd7+ Kf6 26.b6 Bb4 27.Rc7 Rd8 28.
b7 f4 29.Kf1 1-0

[Event "5th Asia-ch"]
[Site "Hyderabad IND"]
[Date "2005.10.06"]
[Round "1"]
[White "Filippov, Anton"]
[Black "Yogesh, Gore"]
[Result "1-0"]
[WhiteElo "2478"]
[BlackElo "2316"]
[EventDate "2005.10.05"]
[PlyCount "67"]

1.e4 d6 2.d4 Nf6 3.Nc3 g6 4.Nf3 Bg7 5.Be2 c6 6.O-O Bg4 7.Be3 O-O 8.Nd2 
Bxe2 9.Qxe2 Qc8 10.h3 e5 11.dxe5 dxe5 12.Nc4 Nh5 13.a4 Qe6 14.Rad1 Nf4 15.
Bxf4 exf4 16.Rd6 f3 17.Qd3 Qe7 18.Qxf3 Nd7 19.Rfd1 Ne5 20.Qe2 Rae8 21.Ne3 
Qh4 22.Kh2 f5 23.g3 Qe7 24.f4 Nf7 25.Rd7 Qc5 26.e5 Bxe5 27.fxe5 Qxe5 28.
Re1 f4 29.Ng4 Qf5 30.Qxe8 Rxe8 31.Rxe8+ Kg7 32.Ree7 Qxc2+ 33.Kh1 Qc1+ 34.
Rd1 1-0

[Event "5th Asia-ch"]
[Site "Hyderabad IND"]
[Date "2005.10.06"]
[Round "1"]
[White "Palit, Somak"]
[Black "Hossain, Enamul"]
[Result "0-1"]
[WhiteElo "2312"]
[BlackElo "2476"]
[EventDate "2005.10.05"]
[PlyCount "112"]

1.Nf3 Nf6 2.g3 g6 3.Bg2 Bg7 4.O-O O-O 5.d3 d5 6.Nbd2 Nc6 7.e4 e5 8.exd5 
Nxd5 9.Re1 Nde7 10.Nc4 f6 11.b3 Nf5 12.Bb2 Re8 13.Ne3 a5 14.a3 Nxe3 15.
Rxe3 Ne7 16.Re1 Nf5 17.b4 c6 18.Bc3 a4 19.d4 e4 20.Nd2 e3 21.Ne4 exf2+ 22.
Kxf2 Nh6 23.Nc5 Ng4+ 24.Kg1 Bh6 25.Rxe8+ Qxe8 26.Ne4 Qd8 27.Bf3 Ne3 28.Qd3
Nd5 29.Bd2 Bxd2 30.Qxd2 Bf5 31.Re1 Bxe4 32.Bxe4 Qd6 33.c4 Nc7 34.d5 cxd5 
35.Bxd5+ Kg7 36.Rd1 Rd8 37.Qf2 Ne6 38.Bf3 Qc7 39.Rxd8 Nxd8 40.Qe2 Nf7 41.
c5 Ne5 42.Bd5 Qd7 43.Qe4 h5 44.Bxb7 Qd1+ 45.Kg2 Qd2+ 46.Kg1 Qc1+ 47.Kg2 
Qb2+ 48.Kg1 Qxa3 49.Bd5 Qc1+ 50.Kg2 Qd2+ 51.Kg1 a3 52.c6 a2 53.Bxa2 Qxa2 
54.b5 Qa1+ 55.Kg2 Qb2+ 56.Kg1 Qxb5 0-1

[Event "5th Asia-ch"]
[Site "Hyderabad IND"]
[Date "2005.10.06"]
[Round "1"]
[White "Annageldiev, Orazly"]
[Black "Singh, Rishipal"]
[Result "1-0"]
[WhiteElo "2469"]
[BlackElo "2299"]
[EventDate "2005.10.05"]
[PlyCount "65"]

1.e4 e5 2.Nf3 Nc6 3.Bb5 a6 4.Ba4 Nf6 5.O-O Be7 6.Bxc6 dxc6 7.d3 Bg4 8.Nbd2
Bd6 9.h3 Bh5 10.Qe1 Qe7 11.Nh4 Bg6 12.Nc4 O-O-O 13.Nxd6+ cxd6 14.f4 exf4 
15.Bxf4 Nd7 16.Qg3 Nc5 17.Rae1 Qd7 18.Nf5 Bxf5 19.exf5 Rhg8 20.d4 Na4 21.
b3 Nb6 22.c4 g5 23.Bd2 Na8 24.f6 g4 25.Re7 gxh3 26.Bg5 hxg2 27.Rf2 h6 28.
Rxd7 Rxd7 29.Re2 Nc7 30.Re7 Ne6 31.Qh3 hxg5 32.Rxf7 Rf8 33.Rg7 1-0

[Event "5th Asia-ch"]
[Site "Hyderabad IND"]
[Date "2005.10.06"]
[Round "1"]
[White "Ramakrishna, J."]
[Black "Sivanandan, B. S."]
[Result "0-1"]
[WhiteElo "2294"]
[BlackElo "2467"]
[EventDate "2005.10.05"]
[PlyCount "114"]

1.c4 Nf6 2.Nc3 d5 3.cxd5 Nxd5 4.g3 g6 5.Bg2 Nxc3 6.bxc3 Bg7 7.Rb1 O-O 8.
Rxb7 Bxb7 9.Bxb7 Nd7 10.Bxa8 Qxa8 11.Nf3 Ne5 12.O-O Nxf3+ 13.exf3 Qd5 14.
Ba3 Qxa2 15.Bxe7 Rb8 16.Bg5 a5 17.Qa1 Qd5 18.Be3 Ra8 19.Qa4 Qxf3 20.Rb1 
Bf8 21.Rb5 Qc6 22.c4 h5 23.h4 Qe8 24.d3 Bb4 25.Qa1 Rd8 26.Re5 Qf8 27.d4 
Re8 28.d5 Rxe5 29.Qxe5 Qe7 30.Qxe7 Bxe7 31.Bd4 a4 32.Kf1 a3 33.Ke2 a2 34.
Kd3 Bc5 35.Bf6 Bxf2 36.Kc2 Bxg3 37.Kb2 Kf8 38.Kxa2 Bd6 39.Kb3 Ke8 40.Kc3 
Be7 41.Be5 Kd7 42.Bg3 g5 43.hxg5 Bxg5 44.Kd4 h4 45.Bh2 Bf6+ 46.Ke4 Be7 47.
Kf3 Bd6 48.Bg1 h3 49.Bd4 h2 50.Kg2 Bg3 51.c5 f5 52.Kh1 Kc8 53.Bf6 Kb7 54.
Bd8 f4 55.c6+ Kc8 56.Be7 f3 57.Bc5 f2 0-1

[Event "5th Asia-ch"]
[Site "Hyderabad IND"]
[Date "2005.10.06"]
[Round "1"]
[White "Al-Rakib, Abdullah"]
[Black "Babu, N. Sudhakar"]
[Result "1-0"]
[WhiteElo "2466"]
[BlackElo "2298"]
[EventDate "2005.10.05"]
[PlyCount "51"]

1.d4 d5 2.c4 e6 3.Nc3 Be7 4.Nf3 Nf6 5.Bg5 O-O 6.Qc2 h6 7.Bxf6 Bxf6 8.O-O-O
c6 9.e4 dxe4 10.Qxe4 Nd7 11.h4 Re8 12.Bd3 Nf8 13.g4 c5 14.g5 Bxd4 15.gxh6 
g6 16.h5 g5 17.Rhg1 f6 18.Nxd4 cxd4 19.f4 dxc3 20.fxg5 f5 21.Qe5 cxb2+ 22.
Kb1 Qe7 23.g6 Bd7 24.h7+ Nxh7 25.gxh7+ Kxh7 26.h6 1-0

[Event "5th Asia-ch"]
[Site "Hyderabad IND"]
[Date "2005.10.06"]
[Round "1"]
[White "Visweswaran, Kameswaran"]
[Black "Gonzales, Jayson"]
[Result "1-0"]
[WhiteElo "2289"]
[BlackElo "2464"]
[EventDate "2005.10.05"]
[PlyCount "69"]

1.e4 Nc6 2.Nf3 d6 3.d4 g6 4.Bb5 a6 5.Bxc6+ bxc6 6.O-O Bg7 7.Nc3 Nf6 8.Bg5 
h6 9.Be3 O-O 10.h3 Kh7 11.Qd2 Bb7 12.Qd3 a5 13.Rfe1 Nd7 14.Rad1 a4 15.e5 
Nb6 16.Qe4 e6 17.Qg4 d5 18.Ne2 Nd7 19.Nf4 Qe8 20.Bd2 Bc8 21.Bb4 Rg8 22.Re3
Bf8 23.Bxf8 Qxf8 24.Rc3 Ra6 25.Nd3 Rb6 26.b3 Qa3 27.Qh4 Ba6 28.Nc5 Nxc5 
29.dxc5 Rb4 30.Ng5+ Kg7 31.Nxe6+ fxe6 32.Qe7+ Kh8 33.Rf3 Rg7 34.Rf8+ Kh7 
35.Qe8 1-0

[Event "5th Asia-ch"]
[Site "Hyderabad IND"]
[Date "2005.10.06"]
[Round "1"]
[White "Deepan Chakravarthy, Jeyakumar"]
[Black "Lukey, Stephen"]
[Result "0-1"]
[WhiteElo "2454"]
[BlackElo "2286"]
[EventDate "2005.10.05"]
[PlyCount "70"]

1.e4 e6 2.d4 d5 3.Nd2 Nf6 4.e5 Nfd7 5.Bd3 c5 6.c3 Nc6 7.Ngf3 cxd4 8.cxd4 
Qb6 9.O-O Nxd4 10.Nxd4 Qxd4 11.Nf3 Qb6 12.Qa4 Qb4 13.Qc2 Be7 14.a3 Qc5 15.
Qa4 O-O 16.Be3 Qc7 17.Rac1 Qb8 18.Qg4 f5 19.exf6 Nxf6 20.Qg5 Bd6 21.Bd4 
Bf4 22.Qh4 e5 23.g3 exd4 24.gxf4 Ne4 25.Ne5 Bf5 26.Qe7 Qd6 27.Qxb7 Rab8 
28.Qxa7 Qh6 29.Qxd4 Qxf4 30.f3 Qg5+ 31.Kh1 Bh3 32.Rg1 Qxe5 33.Rxg7+ Qxg7 
34.Rg1 Ng5 35.Qxd5+ Be6 0-1

[Event "5th Asia-ch"]
[Site "Hyderabad IND"]
[Date "2005.10.06"]
[Round "1"]
[White "Ramu, K."]
[Black "Kaiumov, Sergei"]
[Result "0-1"]
[WhiteElo "2259"]
[BlackElo "2436"]
[EventDate "2005.10.05"]
[PlyCount "92"]

1.e4 e5 2.Nf3 Nc6 3.Bb5 Nf6 4.O-O Nxe4 5.d4 Nd6 6.Bxc6 dxc6 7.dxe5 Nf5 8.
Qxd8+ Kxd8 9.Nc3 h6 10.h3 Ne7 11.b3 Ng6 12.Bb2 Bd7 13.Rad1 Kc8 14.Ne2 c5 
15.c4 Be6 16.Nh2 Ne7 17.Nf4 a5 18.Nxe6 fxe6 19.a4 b6 20.g4 Kb7 21.f4 g6 
22.Kg2 Kc6 23.Nf3 Bg7 24.Nd2 Rhf8 25.Ne4 Rad8 26.Kg3 Kb7 27.Bc3 Nc6 28.h4 
Ne7 29.Rfe1 Kc8 30.Kf3 Rh8 31.Nf6 h5 32.gxh5 gxh5 33.Rxd8+ Kxd8 34.Rg1 Nf5
35.Rg5 Nxh4+ 36.Ke4 Nf5 37.Rxf5 exf5+ 38.Kxf5 h4 39.Ng4 h3 40.Nh2 Bh6 41.
Kg4 Rg8+ 42.Kxh3 Bxf4 43.Ng4 Kd7 44.Be1 Ke6 45.Nf6 Rg1 46.Bf2 Rb1 0-1